La teoría de la agresividad de Erich Fromm/
Gespeichert in:
| 1. Verfasser: | |
|---|---|
| Format: | Buch |
| Sprache: | Spanish |
| Schlagworte: | |
| Tags: |
Tag hinzufügen
Keine Tags, Fügen Sie den ersten Tag hinzu!
|
MARC
| LEADER | 00000nam a22000007a 4500 | ||
|---|---|---|---|
| 003 | cru IIS | ||
| 005 | 20231020062558.0 | ||
| 007 | ta | ||
| 008 | 220718b |||||||| |||| 00| 0 spa d | ||
| 040 | |c cru IIS | ||
| 100 | 1 | |9 10465 |a Solano Solano, Mario A. |e Autor | |
| 245 | 1 | 3 | |a La teoría de la agresividad de Erich Fromm/ |c Mario A. Solano Solano |
| 300 | |a 63 páginas | ||
| 500 | |a Colección Centroamérica | ||
| 650 | 0 | |a PSICOLOGIA |9 3105 | |
| 650 | 0 | |a TEORIA |9 1657 | |
| 650 | 4 | |9 1938 |a AGRESION | |
| 651 | 0 | |9 32 |a COSTA RICA | |
| 773 | 0 | |0 18811 |9 7349 |a Universidad de Costa Rica. Instituto de Investigaciones en Psicología |d San José, C.R.: Editorial de la UCR |o 06964 |t Actualidades en Psicología / | |
| 942 | |2 ddc |c PP | ||
| 999 | |c 44387 |d 44387 | ||
